| 000 | 00406nam a2200157Ia 4500 | ||
|---|---|---|---|
| 008 | 230917s9999||||xx |||||||||||||| ||und|| | ||
| 020 | _cRS450 | ||
| 040 |
_e18395 _aMAIN |
||
| 041 | _aEnglish | ||
| 082 | _a519.52 M896I | ||
| 100 | _aMukhopadhya, Parimal | ||
| 245 | 0 | _aInferential problems in survey sampling | |
| 260 |
_aNew Delhi _bNew Age International _c1996 |
||
| 300 | _axi,242 p. | ||
| 942 | _cBK | ||
| 999 |
_c104242 _d104242 |
||